BVG Berlin Tram-Linie M1 - Statistiken

Allgemein
  • Dieses Quiz wurde 5 mal gespielt
  • Das Durchschnittsergebnis liegt bei 21 aus 38
Antwortstatistiken
Station der M1 % Korrekt
Mitte, Am Kupfergraben
100%
Schönhauser Allee/Bornholmer Straße
100%
S+U Pankow
100%
S+U Schönhauser Allee
100%
Friedrich-Engels-Straße/Eichenstraße
67%
Grabbeallee/Pastor-Niemöller-Platz
67%
Hauptstraße/Friedrich-Engels-Straße
67%
Hermann-Hesse-Straße/Waldstraße
67%
Milastraße
67%
Monbijouplatz
67%
Pankow Kirche
67%
Pastor-Niemöller-Platz
67%
Rathaus Pankow
67%
Rosenthal Nord
67%
Schwedter Straße
67%
S Hackescher Markt
67%
S Oranienburger Straße
67%
S+U Friedrichstraße
67%
U Eberswalder Straße
67%
Universitätsstraße
67%
U Rosenthaler Platz
67%
U Vinetastraße
67%
Zionskirchplatz
67%
Am Iderfenngraben
33%
Angerweg
33%
Bürgerpark Pankow
33%
Kuckhoffstraße
33%
Masurenstraße
33%
Niederschönhausen Schillerstraße
33%
Nordend
33%
Nordendstraße
33%
Tschaikowskystraße
33%
U Oranienburger Tor
33%
U Weinmeisterstraße/Gipsstraße
33%
Wiesenwinkel
33%
Georgenstraße, Am Kupfergraben
0%
Heinrich-Böll-Straße
0%
Waldemarstraße
0%
Keine übereinstimmenden Quizze gefunden
Verteilung der Resultate
Anzahl Personen mit jedem Resultat
Perzentil nach korrekt beantworteten Fragen
Ihre Resultats-Entwicklung
Sie haben dieses Quiz noch nicht gespielt